श्रीयुत सामान्य माणूस. (Record no. 279826)

MARC details
000 -LEADER
fixed length control field 00668nam a2200181Ia 4500
008 - FIXED-LENGTH DATA ELEMENTS--GENERAL INFORMATION
fixed length control field 090630s9999 xx 000 0 und d
082 ## - DEWEY DECIMAL CLASSIFICATION NUMBER
Item number 27970
100 ## - MAIN ENTRY--PERSONAL NAME
Personal name दवणे प्रविण.
245 ## - TITLE STATEMENT
Title श्रीयुत सामान्य माणूस.
Statement of responsibility, etc दवणे प्रविण.
260 ## - PUBLICATION, DISTRIBUTION, ETC. (IMPRINT)
Name of publisher, distributor, etc मंजुल - पुणे.
Date of publication, distribution, etc 2007
300 ## - PHYSICAL DESCRIPTION
Extent 59
600 ## - SUBJECT ADDED ENTRY--PERSONAL NAME
Personal name दवणे प्रविण.
630 ## - SUBJECT ADDED ENTRY--UNIFORM TITLE
Uniform title श्रीयुत सामान्य माणूस.
655 ## - INDEX TERM--GENRE/FORM
Genre/form data or focus term नाटक.
700 ## - ADDED ENTRY--PERSONAL NAME
Personal name दवणे प्रविण.
730 ## - ADDED ENTRY--UNIFORM TITLE
Uniform title श्रीयुत सामान्य माणूस.
942 ## - ADDED ENTRY ELEMENTS (KOHA)
Koha item type Book
Holdings
Withdrawn status Lost status Damaged status Not for loan Home library Current library Date acquired Cost, normal purchase price Total Checkouts Full call number Barcode Date last seen Cost, replacement price Price effective from Koha item type
        Sarvajanik Wachanalaya Shrivardhan Sarvajanik Wachanalaya Shrivardhan   45.00   27970 SAWASHRI-27970 06/30/2009 45.00 06/30/2009 Book